000 00631nam a2200253Ia 4500
003 OSt
005 20221007105129.0
006 a|||||r|||| 00| 0
007 ta
008 221006b |||||||| |||| 00| 0 eng d
024 _a17,713
037 _cTextual
040 _aLCO
_cLCO
_beng
041 _2eng
_aeng
082 _aZ2,315, N2
100 _aBangia R.K
_9439545
245 0 _aIndian Partnership Act
250 _a3rd
260 _aAllahabad
_bAllahabad Law Agency India
_c1992
300 _a138
650 _aPARTNERSHIP
942 _hZ2,315, N2
_cTEXL
999 _c1187276
_d1187276